000
00364nam a2200133Ia 4500
008
151001s9999||||xx |||||||||||||| ||und||
100
_a
दुर्गा - भागवत
245
_a
तामिळ लोककथा भाग दुसरा
250
_a
1
260
_b
वरदा बुक्स
260
_c
1976
300
_a
130
365
_b
18
999
_c
958944
_d
958941